| 000 | 00762nam a2200301Ia 4500 | ||
|---|---|---|---|
| 008 | 160803s9999 xx 000 0 und d | ||
| 020 | _a043938995X | ||
| 100 | _aDiCamillo, Kate | ||
| 245 | 4 | _aThe tiger rising / | |
| 245 | _cKate DiCamillo. | ||
| 260 | _aNew York : | ||
| 260 | _bScholastic Inc. | ||
| 260 | _c2001 | ||
| 300 | _a116 pages ; | ||
| 300 | _c20 cm | ||
| 500 | _aOriginally published: Cambridge, Massachusetts : Candlewick Press, c2001. | ||
| 650 | _aAnimals -- Treatment -- | ||
| 650 | _aFlorida -- | ||
| 650 | _aFriendship -- | ||
| 650 | _aTiger -- | ||
| 650 | _aWood carving -- | ||
| 650 | _xFiction. | ||
| 650 | _xFiction. | ||
| 650 | _xFiction. | ||
| 650 | _xFiction. | ||
| 650 | _xFiction. | ||
| 700 | _a520 | ||
| 999 |
_c299539 _d299539 |
||